000 00778nam a22002057a 4500
999 _c17238
_d17238
003 AR-CdUCM
008 190507b ||||| |||| 00| 0 spa d
040 _aMUNICIPALIDAD PROVINCIAL DEL CUSCO
_cBIBLIOTECA MUNICIPAL DEL CUSCO
082 _a150 /
_bI53
100 _aIngenieros, José
_9579
245 _aPrincipios de psicología /
260 _aBuenos Aires :
_bL. J. Rosso,
_c1937.
300 _a457 páginas ;
_c20 cm.
500 _aObras competas, revisadas y anotadas por Anibal Ponce.
505 _aContenido :Ciencia y filosofía -- La formación natural de la materia viva -- La formación natural de las funciones psicológicas ...
650 _aPsicología.
_91538
650 _aDerecho constitucional.
_94734
942 _2ddc
_cLIBROS
945 _arum
_d2019-05-07